000 00676nam a2200241Ia 4500
003 OSt
005 20220926013144.0
006 a|||||r|||| 00| 0
007 ta
008 220923b |||||||| |||| 00| 0 eng d
020 _a060145315
037 _cGeneral Book
040 _aRTL
_cRTL
_beng
041 _2eng
_aeng
082 _aU435.73, L2
100 _aWarner Sam Bass
_9136114
245 0 _aUrban wilderness
_b A history of the American city
260 _aNew York
_bHarper and Row U. S. A.
_c1972
300 _axvii, 303p
_ccm.
650 _aUrban Geography
942 _hU435.73, L2
_cGB
_2CC
999 _c625277
_d625277